BIOTECHNOLOGY AND BIOLOGY OF PLANTS (Record no. 216181)

MARC details
000 -LEADER
fixed length control field 00421nam a22001577a 4500
008 - FIXED-LENGTH DATA ELEMENTS--GENERAL INFORMATION
fixed length control field 251113b |||||||| |||| 00| 0 eng d
020 ## - INTERNATIONAL STANDARD BOOK NUMBER
International Standard Book Number 979-8-88715-00-31
100 ## - MAIN ENTRY--PERSONAL NAME
Personal name WALKER WHITE EDWARD
245 ## - TITLE STATEMENT
Title BIOTECHNOLOGY AND BIOLOGY OF PLANTS
260 ## - PUBLICATION, DISTRIBUTION, ETC.
Place of publication, distribution, etc. DUBLIN OH
Name of publisher, distributor, etc. ORYSON
Date of publication, distribution, etc. 2023
300 ## - PHYSICAL DESCRIPTION
Extent VII,297P.
500 ## - GENERAL NOTE
General note INCLUDES AN INDEX
650 ## - SUBJECT ADDED ENTRY
Topical term or geographic name entry element PLANT BIOTECHNOLOGY
942 ## - ADDED ENTRY ELEMENTS (KOHA)
Source of classification or shelving scheme Library of Congress Classification
Koha item type Long Loan Book
Holdings
Withdrawn status Lost status Source of classification or shelving scheme Damaged status Not for loan Collection Home library Current library Shelving location Date acquired Inventory number Total checkouts Full call number Barcode Date last seen Copy number Price effective from Koha item type
    Library of Congress Classification     Science & Technology Kisii University Library Kisii University Library On Display 11/13/2025 109761   QK 861 .W35 2023 000000023536 11/13/2025 C.1 11/13/2025 Long Loan Book
    Library of Congress Classification     Science & Technology Kisii University Library Kisii University Library On Display 11/13/2025 109762   QK 861 .W35 2023 000000023537 11/13/2025 C.2 11/13/2025 Long Loan Book
    Library of Congress Classification     Science & Technology Kisii University Library Kisii University Library On Display 11/13/2025 109763   QK 861 .W35 2023 000000023555 11/13/2025 C.3 11/13/2025 Long Loan Book
    Library of Congress Classification     Science & Technology Kisii University Library Kisii University Library On Display 11/13/2025 109764   QK 861 .W35 2023 000000023554 11/13/2025 C.4 11/13/2025 Long Loan Book